[Event "Muensterland Regionalliga Gr2 2223"]
[Site "Germany"]
[Date "2022.11.05"]
[Round "3.3"]
[White "Funke, Reinhard"]
[Black "Terhart, Juergen"]
[Result "1/2-1/2"]
[WhiteElo "2025"]
[BlackElo "1816"]
[PlyCount "44"]
[EventDate "2022.09.03"]
[EventType "team-tourn"]
[EventRounds "5"]
[EventCountry "GER"]
[SourceTitle "EXT 2024"]
[Source "ChessBase"]
[SourceDate "2023.10.10"]
[SourceVersion "1"]
[SourceVersionDate "2023.10.10"]
[SourceQuality "1"]
[WhiteTeam "Suedlohn"]
[BlackTeam "Raesfeld Erle II"]
[WhiteTeamCountry "GER"]
[BlackTeamCountry "GER"]

1. d4 c5 2. Nf3 d5 3. g3 Bf5 4. Bg2 Nf6 5. 0-0 e6 6. b3 Bd6 7. Bb2 h6 8. Nbd2 0-0 9. c4 Ne4 10. Ne1 Nxd2 11. Qxd2 Nd7 12. Nd3 Qe7 13. f3 Nf6 14. Rae1 Bxd3 15. Qxd3 e5 16. e4 dxe4 17. fxe4 exd4 18. e5 Bxe5 19. Qf5 Rfe8 20. Bc1 Qe6 21. Qd3 Qd7 22. Rf5 Qc7 1/2-1/2

[Event "Muensterland Regionalliga playoff Gr1"]
[Site "Germany"]
[Date "2022.04.09"]
[Round "2.4"]
[White "Sell, Markus"]
[Black "Terhart, Juergen"]
[Result "1/2-1/2"]
[WhiteElo "1800"]
[BlackElo "1825"]
[PlyCount "44"]
[EventDate "2022.03.19"]
[EventType "team-tourn"]
[EventRounds "5"]
[EventCountry "GER"]
[SourceTitle "EXT 2023"]
[Source "ChessBase"]
[SourceDate "2022.10.05"]
[SourceVersion "1"]
[SourceVersionDate "2022.10.05"]
[SourceQuality "1"]
[WhiteTeam "Bocholt"]
[BlackTeam "Raesfeld Erle II"]
[WhiteTeamCountry "GER"]
[BlackTeamCountry "GER"]

1. d4 c6 2. c3 d5 3. Bf4 Nf6 4. Nf3 Bf5 5. Nbd2 e6 6. e3 h6 7. Qb3 Qb6 8. h3 Be7 9. Be2 Nbd7 10. Rc1 0-0 11. 0-0 c5 12. c4 Rac8 13. Rfd1 Rfd8 14. cxd5 Nxd5 15. Bg3 N7f6 16. Qxb6 Nxb6 17. dxc5 Bxc5 18. Nb3 Rxd1+ 19. Bxd1 Be7 20. Rxc8+ Nxc8 21. Nfd4 Bd3 22. f3 Nd5 1/2-1/2

[Event "Muensterland Verbandsklasse 1516"]
[Site "Germany"]
[Date "2015.11.07"]
[Round "2.7"]
[White "Nuerenberg, Bernd"]
[Black "Terhart, Juergen"]
[Result "1-0"]
[WhiteElo "1648"]
[BlackElo "1771"]
[PlyCount "41"]
[EventDate "2015.09.19"]
[EventType "team"]
[EventRounds "9"]
[EventCountry "GER"]
[SourceTitle "EXT 2017"]
[Source "ChessBase"]
[SourceDate "2016.10.25"]
[SourceVersion "1"]
[SourceVersionDate "2016.10.25"]
[SourceQuality "1"]
[WhiteTeam "Nienberge II"]
[BlackTeam "Raesfeld Erle II"]
[WhiteTeamCountry "GER"]
[BlackTeamCountry "GER"]

1. d4 Nf6 2. c4 e6 3. Nf3 d5 4. Nc3 Be7 5. Bf4 c6 6. e3 Nbd7 7. Bd3 Nh5 8. Bg3 Nxg3 9. hxg3 Nf6 10. Qc2 a6 11. Ne5 dxc4 12. Nxc4 Nd7 13. 0-0-0 b5 14. Ne5 Nxe5 15. dxe5 Qb6 16. Ne4 Kf8 17. Nd6 Bxd6 18. exd6 f6 19. Bxh7 f5 20. Qc3 g6 21. Qxh8+ 1-0